| 000 | 00488nam a22001337a 4500 | ||
|---|---|---|---|
| 040 | _cNUST | ||
| 082 | _a200 THE | ||
| 100 |
_aAhmad Hassan _991813 |
||
| 110 | _aSupervisor Dr. Muhammad Usman Akram | ||
| 245 | _aTH-SOF-1989-Analysis of Multimodal Representation Learning Across Medical Images and Reports Generation Using Multiple Vision and Language Pre-Trained Models | ||
| 260 |
_aISLAMABAD: _bNUST COLLEGE OF EME, _c2022. |
||
| 650 | _aMS-COMPUTER ENGINEERING-19 | ||
| 942 |
_2ddc _cTHE |
||
| 999 |
_c589945 _d589945 |
||